Environmental physiology of plants. (3rd ed.) (Record no. 42263)

MARC details
000 -LEADER
fixed length control field 00836nam a2200217 a 4500
008 - FIXED-LENGTH DATA ELEMENTS--GENERAL INFORMATION
fixed length control field 120620s2002 ||||||||||||||||| || u
020 ## - INTERNATIONAL STANDARD BOOK NUMBER
International Standard Book Number 0122577663 (alk. paper)
050 ## - LIBRARY OF CONGRESS CALL NUMBER
Classification number QK 717 Fit
100 ## - MAIN ENTRY--PERSONAL NAME
Personal name Hay, Robert K. M
245 10 - TITLE STATEMENT
Title Environmental physiology of plants. (3rd ed.)
Statement of responsibility, etc. by Alastair H. Fitter and Robert K. M. Hay
250 ## - EDITION STATEMENT
Edition statement 3rd ed.
260 ## - PUBLICATION, DISTRIBUTION, ETC.
Place of publication, distribution, etc. San Diego, California:
Name of publisher, distributor, etc. Academic Press
Date of publication, distribution, etc. 2002
300 ## - PHYSICAL DESCRIPTION
Extent xii, 367p.: ill.
350 ## - PRICE (NR) (BK AM CF MU VM SE) [OBSOLETE]
Price 0.00
500 ## - GENERAL NOTE
General note Includes bibliography
650 #0 - SUBJECT ADDED ENTRY--TOPICAL TERM
Topical term or geographic name entry element PLANT ECOPHYSIOLOGY
650 #0 - SUBJECT ADDED ENTRY--TOPICAL TERM
Topical term or geographic name entry element PLANT ECOLOGY
700 ## - ADDED ENTRY--PERSONAL NAME
Personal name Fitter, Alastair H
856 ## - ELECTRONIC LOCATION AND ACCESS
Uniform Resource Identifier <a href="http://www.loc.gov/catdir/description/els031/2001090353.html">http://www.loc.gov/catdir/description/els031/2001090353.html</a>
995 ## - RECOMMENDATION 995 [LOCAL, UNIMARC FRANCE]
-- CBU-MAIN LIBRARY (Kitwe)
-- 0.00
-- 1
-- AVAILABLE
-- Jun 20, 2012
-- Main Library Open Access Collection
Holdings
Withdrawn status Lost status Source of classification or shelving scheme Damaged status Not for loan Home library Current library Shelving location Date acquired Total Checkouts Full call number Barcode Date last seen Date last checked out Price effective from Koha item type
          CBU-MAIN LIBRARY, KITWE. CBU-MAIN LIBRARY, KITWE.   11/30/2022 1 QK 717 Fit 742799 05/26/2026 05/18/2026 11/30/2022 MONOGRAPH